| 000 | 00487nam a2200181Ia 4500 | ||
|---|---|---|---|
| 001 | 2949 | ||
| 005 | 20260306144844.0 | ||
| 008 | 260306t2011||||xx |||||||||||||| ||spa|| | ||
| 041 | _aESP | ||
| 082 |
_a262.1092 _bW942 |
||
| 100 |
_aWidmer, Andreas _eAUT |
||
| 245 | 0 |
_aEl papa y el ejecutivo: _bJuan Pablo II, su ejemplo de liderazgo en un joven guardia Suizo |
|
| 260 | _c2011 | ||
| 300 |
_axv, 155 páginas : _c22 cm. |
||
| 650 | _aGEN | ||
| 654 | _aCHU | ||
| 942 |
_cLIB _dJUS _fJUS _2ddc _n |
||
| 999 |
_c2949 _d2949 |
||